00418nam a2200097Ia 4500008004100000100001900041245009700060260006400157650001500221856008400236160712s9999 xx 000 0 und d aJamal, Ashraf. cAshraf JamalaA Soft Slab of Fresh Clay: Musings on a Broken Land and a Funny Piece of Water c2015bJournal of English Studies and Comparative Literature xLITERATURE uhttp://journals.upd.edu.ph/index.php/jescl/issue/view/Special%20Edition/showToc